000 00585nam a2200181Ia 4500
001 10731
003 GE_BSU
008 181216s||||||||xx |||||||||||||| ||und||
040 _cGE_BSU
245 _aლიტერატურული პალიტრა №8. 2014. აგვისტო
245 _cმთ.რედ.ზაალ ჩხეიძე
260 _aთბილისი
260 _bსტამბა კოლორი
260 _c2014
300 _a174გვ.30სმ.
653 _aლიტერატურული პალიტრა
942 _cCR
999 _c43981
_d43981